Strategický rozvoj podniku a balanced scorecard
Strategický rozvoj podniku pri uplatnení súčasných systémov manažmentu. Vymedzenie pojmu stratégia. Vízia, poslanie a ciele podniku. Proces strategického riadenia. Štruktúra podnikového prostredia. Úrovne riadenia, hierarchia stratégií. Manažérske systémy riadenia. Balanced scorecard ako manažérsky...
Gespeichert in:
| 1. Verfasser: | |
|---|---|
| Format: | Buchkapitel |
| Sprache: | Slowakisch |
| Schlagworte: | |
| Tags: |
Keine Tags, Fügen Sie das erste Tag hinzu!
|
MARC
| LEADER | 00000nla$a2200000$$$4500 | ||
|---|---|---|---|
| 001 | 0059319 | ||
| 005 | 20220722095645.8 | ||
| 041 | 0 | |a slo | |
| 044 | |a SK | ||
| 245 | 1 | 0 | |a Strategický rozvoj podniku a balanced scorecard |c Dušan Baran |
| 520 | |a Strategický rozvoj podniku pri uplatnení súčasných systémov manažmentu. Vymedzenie pojmu stratégia. Vízia, poslanie a ciele podniku. Proces strategického riadenia. Štruktúra podnikového prostredia. Úrovne riadenia, hierarchia stratégií. Manažérske systémy riadenia. Balanced scorecard ako manažérsky systém. Objasnenie a premietnutie vízie a stratégie do konkrétnych cieľov. Plánovanie a stanovenie zámerov a zladenie strategických iniciatív. Zdokonalenie strategickej spätnej väzby a procesu učenia sa. | ||
| 610 | 2 | 0 | |a metóda BSC |
| 610 | 2 | 0 | |a metódy riadenia |
| 610 | 2 | 0 | |a manažment strategický |
| 610 | 2 | 0 | |a riadenie podnikové |
| 610 | 2 | 0 | |a systémy riadenia |
| 610 | 2 | 0 | |a ciele podnikové |
| 610 | 2 | 0 | |a ciele riadenia |
| 100 | 1 | |a Baran, Dušan | |